[Event "Brno Olexa mem."]
[Site "?"]
[Date "2022.12.26"]
[Round "1"]
[White "Divis, Jan"]
[Black "Ibrahim, Emad Eldin"]
[Result "0-1"]
[WhiteElo "1585"]
[BlackElo "2003"]
[PlyCount "86"]
[EventDate "2022.12.??"]

1. d4 Nf6 2. Bf4 e6 3. e3 c5 4. c3 Nc6 5. Nd2 h6 6. Ngf3 Nh5 7. Bg3 Nxg3 8.
hxg3 Be7 9. Be2 Rb8 10. Rb1 cxd4 11. exd4 b5 12. a3 a5 13. b4 axb4 14. axb4 Qc7
15. Rh5 Na7 16. Ra1 g6 17. Re5 d6 18. Re3 O-O 19. Kf1 Bd7 20. Ra3 Nc8 21. Kg1
Nb6 22. Nb1 Nd5 23. Rd3 Ra8 24. Rxa8 Rxa8 25. Nfd2 Kg7 26. Bf3 Bc6 27. Bxd5
Bxd5 28. Nf3 Ra1 29. Rd2 Be4 30. Rb2 Bg5 31. Nxg5 hxg5 32. f3 Bxb1 33. Rxb1
Rxb1 34. Qxb1 Qxc3 35. Qe4 Qxb4 36. f4 gxf4 37. gxf4 Qb3 38. Kh2 Qd5 39. Qe3 b4
40. g4 b3 41. g5 b2 42. Qh3 b1=Q 43. Qh6+ Kg8 0-1

[Event "Brno Olexa mem."]
[Site "?"]
[Date "2022.12.26"]
[Round "1"]
[White "Wuensch, Radek"]
[Black "Hayrumyan, Artur"]
[Result "1-0"]
[WhiteElo "1978"]
[BlackElo "1538"]
[PlyCount "93"]
[EventDate "2022.12.??"]

1. e4 e5 2. Nf3 Nc6 3. Bb5 Nf6 4. d3 d6 5. c3 a6 6. Ba4 b5 7. Bb3 Bg4 8. h3
Bxf3 9. Qxf3 Be7 10. Nd2 a5 11. a4 b4 12. Nf1 Rb8 13. Bc4 O-O 14. Ne3 g6 15.
Nd5 Nh5 16. Bh6 Ng7 17. h4 Kh8 18. h5 g5 19. Ne3 Bf6 20. Rh3 Be7 21. Bxg7+ Kxg7
22. Nf5+ Kh8 23. Nh6 f6 24. Nf7+ Rxf7 25. Bxf7 bxc3 26. bxc3 Kg7 27. Bc4 Kh6
28. Qd1 Na7 29. Rb1 c6 30. Rxb8 Qxb8 31. Qb3 Qxb3 32. Bxb3 c5 33. Ke2 Nc6 34.
Kf3 Bd8 35. Kg4 Ne7 36. Rh1 Kg7 37. Rb1 Kf8 38. Bd5 h6 39. Be6 Ke8 40. Rb7 Kf8
41. Rb8 Nc6 42. Rc8 Ke7 43. Bd5 Na7 44. Ra8 Bb6 45. Rb8 c4 46. Rxb6 cxd3 47.
Rb7+ 1-0

[Event "Brno Olexa mem."]
[Site "?"]
[Date "2022.12.26"]
[Round "1"]
[White "Nisztuk, Michal"]
[Black "Veznik, Michael"]
[Result "0-1"]
[WhiteElo "1435"]
[BlackElo "1790"]
[PlyCount "92"]
[EventDate "2022.12.??"]

1. e4 c5 2. f4 e6 3. Nf3 d5 4. e5 Nc6 5. c3 Qa5 6. Na3 a6 7. Nc2 Nh6 8. Ne3 b5
9. Bd3 d4 10. Be4 Bb7 11. cxd4 cxd4 12. Nxd4 Nxd4 13. Bxb7 Rd8 14. O-O Qb6 15.
Be4 Bc5 16. Kh1 O-O 17. Qh5 f5 18. exf6 Rxf6 19. Ng4 Nxg4 20. Qxh7+ Kf7 21.
Qh5+ g6 22. Qxg4 Rh8 23. b3 Nf5 24. Bxf5 gxf5 25. Qf3 Rxh2+ 26. Kxh2 Rh6+ 27.
Qh3 Rxh3+ 28. gxh3 Bd4 29. Rb1 Qd6 30. Bb2 Bb6 31. Rbd1 Qd3 32. Bc3 Qe2+ 33.
Kg3 Bf2+ 34. Rxf2 Qxd1 35. d4 Qd3+ 36. Rf3 Qc2 37. a3 Qxb3 38. Ba5 Qd1 39. Bb6
Qg1+ 40. Kh4 Qe1+ 41. Kg5 Kg7 42. Bc7 Qg1+ 43. Kh4 Kf7 44. Be5 a5 45. Rg3 Qf2
46. Bc7 b4 0-1

[Event "Brno Olexa mem."]
[Site "?"]
[Date "2022.12.26"]
[Round "1"]
[White "Neduchal, Jiri"]
[Black "Martikanova, Amalie"]
[Result "1-0"]
[WhiteElo "1753"]
[BlackElo "1177"]
[PlyCount "55"]
[EventDate "2022.12.??"]

1. d4 d5 2. Nf3 Nc6 3. Bf4 Bf5 4. e3 f6 5. h3 e6 6. Be2 Nb4 7. Na3 Bd6 8. Bxd6
Qxd6 9. c3 Nc6 10. O-O Nge7 11. c4 O-O 12. Qd2 e5 13. Nb5 Qd7 14. cxd5 e4 15.
dxc6 bxc6 16. Nc3 exf3 17. Bxf3 Bxh3 18. gxh3 Qxh3 19. Bg2 Qg4 20. Qe2 Qg5 21.
Ne4 Qg6 22. Ng3 f5 23. Nh5 f4 24. Nxf4 Rf5 25. Nxg6 hxg6 26. Rfc1 Rg5 27. Rc5
Rxc5 28. dxc5 1-0

[Event "Brno Olexa mem."]
[Site "?"]
[Date "2022.12.27"]
[Round "2"]
[White "Ibrahim, Emad Eldin"]
[Black "Neduchal, Jiri"]
[Result "1-0"]
[WhiteElo "2003"]
[BlackElo "1753"]
[PlyCount "53"]
[EventDate "2022.12.??"]

1. e4 c6 2. d4 d5 3. exd5 cxd5 4. c4 Nf6 5. Nc3 Nc6 6. Bg5 Be6 7. Nf3 g6 8. Qb3
Na5 9. Qa3 Bg7 10. cxd5 Nxd5 11. Bb5+ Nc6 12. O-O O-O 13. Bxc6 bxc6 14. Nxd5
Qxd5 15. Bxe7 Rfe8 16. Bc5 a5 17. Rfe1 Bf6 18. Ne5 Reb8 19. Qc3 Rb5 20. Ba3 Rc8
21. Bc5 a4 22. h3 Rcb8 23. Re2 Bxe5 24. Rxe5 Qc4 25. Qe3 Rxb2 26. Be7 Qc2 27.
Rxe6 1-0

[Event "Brno Olexa mem."]
[Site "?"]
[Date "2022.12.27"]
[Round "2"]
[White "Veznik, Michael"]
[Black "Wuensch, Radek"]
[Result "0-1"]
[WhiteElo "1790"]
[BlackElo "1978"]
[PlyCount "66"]
[EventDate "2022.12.??"]

1. e4 Nc6 2. d4 e5 3. d5 Nce7 4. Bd3 Ng6 5. Ne2 Bc5 6. g3 Nf6 7. h3 O-O 8. Nd2
c6 9. Nb3 cxd5 10. exd5 e4 11. Bb5 Bb4+ 12. c3 Ba5 13. Nf4 Ne5 14. Be2 d6 15.
O-O Bb6 16. Be3 Bxe3 17. fxe3 g5 18. Nh5 Nxh5 19. Bxh5 Bxh3 20. Rf2 Qd7 21. Qd4
Bg4 22. Bxg4 Qxg4 23. Kg2 f5 24. Nd2 h5 25. Rh1 Nd3 26. Rff1 Qe2+ 27. Kg1 Qg4
28. Kg2 h4 29. Rh3 Qe2+ 30. Kg1 Qxd2 31. gxh4 Qe2 32. Rg3 Ne5 33. Rxg5+ Kh7 0-1

[Event "Brno Olexa mem."]
[Site "?"]
[Date "2022.12.27"]
[Round "2"]
[White "Slegl, Milan"]
[Black "Licka, Vlastimil"]
[Result "0-1"]
[WhiteElo "1684"]
[BlackElo "1853"]
[PlyCount "66"]
[EventDate "2022.12.??"]

1. d4 Nf6 2. Nf3 b6 3. c4 Bb7 4. Nc3 e6 5. Bg5 h6 6. Bh4 Bb4 7. e3 O-O 8. Bd3
d5 9. cxd5 exd5 10. O-O Be7 11. Rc1 Nbd7 12. Re1 c5 13. Nd2 Ne4 14. Bxe7 Qxe7
15. Bxe4 dxe4 16. Qb3 Kh8 17. Nb5 Rfc8 18. Rc3 a6 19. Na3 b5 20. Rcc1 cxd4 21.
exd4 Nf6 22. Qg3 Qb4 23. Nb3 Bd5 24. h3 a5 25. Nc2 Rxc2 26. Rxc2 Qxe1+ 27. Kh2
Qb4 28. Qe3 Bc4 29. Nc1 Qd6+ 30. Kg1 Re8 31. b3 Bd3 32. Nxd3 exd3 33. Qxd3 Re1+
0-1

[Event "Brno Olexa mem."]
[Site "?"]
[Date "2022.12.27"]
[Round "2"]
[White "Hayrumyan, Artur"]
[Black "Doskar, Miloslav"]
[Result "1-0"]
[WhiteElo "1538"]
[BlackElo "1593"]
[PlyCount "32"]
[EventDate "2022.12.??"]

1. d4 d5 2. e4 e6 3. e5 Be7 4. Bd3 Nc6 5. c3 b6 6. Qg4 g6 7. Nf3 Bb7 8. h4 Qd7
9. h5 f5 10. Qg3 g5 11. h6 g4 12. Nh4 Bxh4 13. Qxh4 Nge7 14. Qh5+ Ng6 15. Bxf5
Nce7 16. Na3 O-O-O 1-0

[Event "Brno Olexa mem."]
[Site "?"]
[Date "2022.12.27"]
[Round "2"]
[White "Martikanova, Amalie"]
[Black "Divis, Jan"]
[Result "0-1"]
[WhiteElo "1177"]
[BlackElo "1585"]
[PlyCount "106"]
[EventDate "2022.12.??"]

1. e4 d5 2. exd5 Qxd5 3. Nc3 Qa5 4. d4 Nf6 5. Bc4 c6 6. Bd2 Qc7 7. Nf3 Bf5 8.
Ne5 e6 9. Bf4 Bd6 10. O-O Nbd7 11. Re1 Nb6 12. Bb3 O-O-O 13. a4 h5 14. a5 Nbd5
15. Nxd5 exd5 16. a6 b6 17. Ba4 b5 18. Bxb5 cxb5 19. Re3 Bxe5 20. dxe5 Ne4 21.
f3 d4 22. Rd3 Nc5 23. Rxd4 Rxd4 24. Qxd4 Rd8 25. Qb4 Ne6 26. Qxb5 Nxf4 27. Ra3
Qb6+ 28. Qxb6 axb6 29. a7 Kb7 30. Ra1 Ra8 31. g3 Ne6 32. g4 hxg4 33. fxg4 Bxg4
34. b4 Rxa7 35. Rxa7+ Kxa7 36. c4 Be2 37. b5 Bxc4 38. Kf2 Bxb5 39. h4 Kb7 40.
h5 Kc6 41. h6 gxh6 42. Kf3 Kd5 43. Ke3 Kxe5 44. Kf3 Bc6+ 45. Kg4 b5 46. Kg3 b4
47. Kg4 b3 48. Kg3 b2 49. Kg4 b1=Q 50. Kg3 Qg1+ 51. Kh4 Qg5+ 52. Kh3 Kf4 53.
Kh2 Qg2# 0-1

[Event "Brno Olexa mem."]
[Site "?"]
[Date "2022.12.28"]
[Round "3"]
[White "Licka, Vlastimil"]
[Black "Ibrahim, Emad Eldin"]
[Result "0-1"]
[WhiteElo "1853"]
[BlackElo "2003"]
[PlyCount "80"]
[EventDate "2022.12.??"]

1. e4 c5 2. Nf3 g6 3. d4 cxd4 4. Nxd4 Nc6 5. c4 Nf6 6. Nc3 Nxd4 7. Qxd4 d6 8.
Bg5 Bg7 9. Qd2 O-O 10. Be2 a5 11. O-O a4 12. Bh6 Qa5 13. Bxg7 Kxg7 14. Rfd1 Be6
15. Qd4 Rfc8 16. Rab1 Qb4 17. b3 a3 18. f3 Kg8 19. Rbc1 Nd7 20. Nd5 Bxd5 21.
exd5 b5 22. Kf1 bxc4 23. Rxc4 Rxc4 24. Qxc4 Qb8 25. Qe4 Qd8 26. Rc1 Nf6 27. Qd4
Qa5 28. Bc4 Rc8 29. Re1 Rc7 30. Rd1 Rc5 31. Qd2 Qb6 32. Qe3 Qc7 33. Qd4 Nd7 34.
Qe4 Nb6 35. Rd4 Qa7 36. b4 Rxc4 37. Rxc4 Qa6 38. Ke2 Nxc4 39. Qd3 Qb5 40. Qb3
Na5+ 0-1

[Event "Brno Olexa mem."]
[Site "?"]
[Date "2022.12.28"]
[Round "3"]
[White "Wuensch, Radek"]
[Black "Slegl, Milan"]
[Result "1-0"]
[WhiteElo "1978"]
[BlackElo "1684"]
[PlyCount "57"]
[EventDate "2022.12.??"]

1. e4 c6 2. d4 d5 3. e5 Bf5 4. h4 h6 5. g4 Be6 6. f4 f5 7. gxf5 Bxf5 8. Bd3 Qc8
9. h5 Qe6 10. Nf3 Na6 11. Nh4 Bxd3 12. Qxd3 Qg4 13. Qg6+ Qxg6 14. Nxg6 Rh7 15.
e6 Nc7 16. f5 O-O-O 17. Nc3 Nf6 18. Bf4 Nb5 19. Nxb5 cxb5 20. Rh3 Ne4 21. O-O-O
b6 22. Rb3 a6 23. a4 Kb7 24. axb5 a5 25. Rdd3 Rc8 26. Rbc3 Rxc3 27. Rxc3 Nd6
28. Bxd6 exd6 29. Rc6 1-0

[Event "Brno Olexa mem."]
[Site "?"]
[Date "2022.12.28"]
[Round "3"]
[White "Divis, Jan"]
[Black "Veznik, Michael"]
[Result "0-1"]
[WhiteElo "1585"]
[BlackElo "1790"]
[PlyCount "150"]
[EventDate "2022.12.??"]

1. d4 Nf6 2. Bf4 e6 3. e3 d5 4. Nd2 Be7 5. c3 O-O 6. Bd3 Nbd7 7. Ngf3 b6 8. Ne5
Bb7 9. Nxd7 Nxd7 10. O-O f5 11. Nf3 g5 12. Be5 Bf6 13. Bxf6 Qxf6 14. h3 Rf7 15.
Nh2 Qh6 16. f4 Kh8 17. fxg5 Qxg5 18. Rf4 Rg8 19. Qf3 Rfg7 20. Bf1 Nf6 21. Rc1
Nh5 22. Qf2 Ng3 23. Nf3 Qe7 24. Rc2 Rg6 25. Rh4 c5 26. Qe1 a6 27. Kh2 b5 28. a3
c4 29. Rf4 Rh6 30. Ne5 Rg7 31. Rf3 Ne4 32. Rf4 Bc8 33. Nf3 Ng3 34. Ne5 Bd7 35.
Nxd7 Qxd7 36. Be2 Qd6 37. Bf3 Rhg6 38. Kg1 Kg8 39. Re2 Nxe2+ 40. Qxe2 Qe7 41.
Qf2 Rg3 42. Kh2 R3g6 43. Kh1 Qg5 44. Kh2 Qe7 45. Qe1 Qd6 46. Kh1 Rf6 47. Qh4
Rf8 48. Qh5 a5 49. Qh4 b4 50. axb4 axb4 51. Qe1 b3 52. Qa1 Qb6 53. g4 fxg4 54.
Rxf8+ Kxf8 55. Bxg4 Rf7 56. Bh5 Qa7 57. Qg1 Rg7 58. Qf2+ Kg8 59. Kh2 Qe7 60.
Qf4 Qc7 61. Bg4 Qxf4+ 62. exf4 Kf7 63. f5 exf5 64. Bxf5 Kf6 65. Bg4 Ra7 66. Bf3
Ke6 67. Kg3 Ra2 68. Bg4+ Kd6 69. Bf5 h6 70. Kh4 Rxb2 71. Kh5 Rc2 72. Kxh6 Rxc3
73. h4 Rf3 74. h5 b2 75. Bd3 cxd3 0-1

[Event "Brno Olexa mem."]
[Site "?"]
[Date "2022.12.28"]
[Round "3"]
[White "Neduchal, Jiri"]
[Black "Hayrumyan, Artur"]
[Result "1-0"]
[WhiteElo "1753"]
[BlackElo "1538"]
[PlyCount "61"]
[EventDate "2022.12.??"]

1. d4 e5 2. dxe5 d6 3. Nf3 Nc6 4. e4 a6 5. Bc4 h6 6. Nc3 Bg4 7. exd6 Bxd6 8. h3
Bh5 9. Be3 Nf6 10. Qe2 Qe7 11. Bd3 Bb4 12. Bd2 Bc5 13. g4 Nxg4 14. hxg4 Bxg4
15. Nd5 Qd6 16. Bf4 Qd7 17. Nxc7+ Ke7 18. c3 Rad8 19. Nd5+ Kf8 20. O-O-O Bd6
21. Qe3 b5 22. Rdg1 Be6 23. Bxd6+ Qxd6 24. Bc2 Bxd5 25. exd5 Re8 26. Qd2 Ne5
27. Nxe5 Rxe5 28. Re1 Rxd5 29. Qe3 Qc6 30. Qe7+ Kg8 31. Qe8+ 1-0

[Event "Brno Olexa mem."]
[Site "?"]
[Date "2022.12.28"]
[Round "3"]
[White "Nisztuk, Michal"]
[Black "Martikanova, Amalie"]
[Result "1-0"]
[WhiteElo "1435"]
[BlackElo "1177"]
[PlyCount "87"]
[EventDate "2022.12.??"]

1. e4 e5 2. Bc4 Nf6 3. d4 exd4 4. e5 d5 5. Bb5+ c6 6. Ba4 Ng4 7. Bb3 f6 8. exf6
Qxf6 9. Nf3 Bd6 10. h3 Ne5 11. Nxd4 Bc5 12. Be3 Qg6 13. g3 O-O 14. Nd2 Bxd4 15.
Bxd4 Qf7 16. Qe2 Nc4 17. Nxc4 Re8 18. Be3 dxc4 19. Bxc4 Be6 20. Bxe6 Qxe6 21.
c4 Nd7 22. O-O-O Nb6 23. Rd4 c5 24. Rh4 Qc6 25. Rd1 Qf6 26. Qc2 h6 27. Bxc5 Re6
28. Rhd4 Rae8 29. Rf4 Qg5 30. Be3 Qa5 31. Kb1 Nc8 32. Rfd4 Ra6 33. a3 Rf8 34.
Rd7 b5 35. Bc5 Re8 36. Bd4 Re7 37. Bc3 b4 38. Bxb4 Qe5 39. Rd8+ Re8 40. Re1 Qh5
41. Rdxe8+ Qxe8 42. Rxe8+ Kf7 43. Rxc8 Re6 44. Rf8# 1-0

[Event "Brno Olexa mem."]
[Site "?"]
[Date "2022.12.28"]
[Round "4"]
[White "Ibrahim, Emad Eldin"]
[Black "Wuensch, Radek"]
[Result "1-0"]
[WhiteElo "2003"]
[BlackElo "1978"]
[PlyCount "239"]
[EventDate "2022.12.??"]

1. e4 Nc6 2. Nf3 e5 3. d4 exd4 4. Nxd4 Nf6 5. Nc3 Bb4 6. Nxc6 bxc6 7. Bd3 d5 8.
exd5 O-O 9. O-O Bg4 10. f3 Bh5 11. Bg5 Bxc3 12. bxc3 cxd5 13. Re1 Qd6 14. Qd2
Rfe8 15. Kh1 Bg6 16. Bb5 c6 17. Bf4 Qc5 18. Bd3 Qa5 19. h3 Rxe1+ 20. Qxe1 Re8
21. Qd2 Qa4 22. Bd6 Re6 23. Bc5 Nd7 24. Be3 Qa3 25. Rb1 Qxa2 26. Rb7 Nf6 27.
Rxa7 Qb1+ 28. Kh2 Qb8+ 29. Kg1 Re8 30. Ra6 Bxd3 31. cxd3 Qb5 32. Rb6 Qa4 33.
Bd4 Nd7 34. Rb7 c5 35. Bf2 Qc6 36. Ra7 Ra8 37. Qe3 h6 38. Rxa8+ Qxa8 39. Qe7
Qc8 40. Qd6 c4 41. Qxd5 cxd3 42. Qxd3 Ne5 43. Qe3 Nc4 44. Qf4 Qe6 45. Qb8+ Kh7
46. Qb1+ Kg8 47. Qd3 Nb2 48. Qf1 Qc4 49. Qe1 Nd3 50. Qe8+ Kh7 51. Bd4 Nc1 52.
Qe4+ Kg8 53. Qe5 f6 54. Qb8+ Kh7 55. Qb1+ Nd3 56. Qc2 Kg8 57. Qe2 Ne5 58. Kf2
Qxe2+ 59. Kxe2 Nc6 60. Ke3 f5 61. h4 g6 62. g4 fxg4 63. fxg4 Kf7 64. Ke4 h5 65.
g5 Ke6 66. c4 Kd6 67. c5+ Ke6 68. Bf6 Na5 69. Bc3 Nc6 70. Be1 Ne5 71. Bg3 Nc6
72. Bf2 Ne5 73. Kd4 Nf3+ 74. Kc4 Ne5+ 75. Kb5 Kd5 76. Bg3 Nc6 77. Kb6 Nd8 78.
Bb8 Nc6 79. Bd6 Nd4 80. Bg3 Nc6 81. Bf2 Ne5 82. Kc7 Nd3 83. Bg1 Ne5 84. Kd8 Ke6
85. Bh2 Nc6+ 86. Kc7 Kd5 87. Bd6 Nd4 88. Kd7 Nc6 89. Bf8 Ne5+ 90. Kc7 Nf3 91.
Kb6 Ne5 92. Be7 Nc6 93. Bf6 Nb4 94. Bc3 Nc6 95. Be1 Ne5 96. Bf2 Nc4+ 97. Kc7
Ne5 98. Bg3 Nc6 99. Kd7 Nd4 100. Bf2 Nc6 101. Bg1 Ne5+ 102. Ke7 Ng4 103. Kf7
Ne5+ 104. Kg7 Kc6 105. Kf6 Kd5 106. c6 Nxc6 107. Kxg6 Ke6 108. Kxh5 Kf7 109.
Bh2 Ne7 110. Kg4 Kg7 111. Be5+ Kh7 112. h5 Ng8 113. Bd6 Kg7 114. Kf5 Kh7 115.
Bf8 Kh8 116. Kg6 Ne7+ 117. Bxe7 Kg8 118. Ba3 Kh8 119. Bb2+ Kg8 120. h6 1-0

[Event "Brno Olexa mem."]
[Site "?"]
[Date "2022.12.28"]
[Round "4"]
[White "Veznik, Michael"]
[Black "Licka, Vlastimil"]
[Result "1-0"]
[WhiteElo "1790"]
[BlackElo "1853"]
[PlyCount "89"]
[EventDate "2022.12.??"]

1. d4 d5 2. e3 c6 3. Bd3 f5 4. Nf3 Nf6 5. Ne5 e6 6. Nd2 Bd6 7. f3 Qc7 8. f4
Nbd7 9. Ndf3 Ne4 10. Bxe4 dxe4 11. Ng5 Nxe5 12. fxe5 Be7 13. Nh3 Bd7 14. O-O
O-O-O 15. c4 Be8 16. Bd2 Rf8 17. b4 g5 18. Bc3 h6 19. Qb3 Bh5 20. Qb2 Bg4 21.
Nf2 Bh5 22. Qc2 Bg6 23. a4 g4 24. b5 c5 25. a5 Bg5 26. b6 axb6 27. axb6 Qc6 28.
Qe2 Be7 29. Rfd1 Kd7 30. d5 exd5 31. cxd5 Qxb6 32. Ba5 Qa6 33. Qxa6 bxa6 34.
Bxd8 Rxd8 35. Rxa6 Bh7 36. Rb1 Bg8 37. Rb7+ Ke8 38. d6 Bg5 39. Nd1 Bd5 40. Rh7
Bb3 41. Raa7 Kf8 42. Rh8+ Bg8 43. Kf2 Rc8 44. e6 Bf6 45. Rf7+ 1-0

[Event "Brno Olexa mem."]
[Site "?"]
[Date "2022.12.28"]
[Round "4"]
[White "Doskar, Miloslav"]
[Black "Nisztuk, Michal"]
[Result "1-0"]
[WhiteElo "1593"]
[BlackElo "1435"]
[PlyCount "83"]
[EventDate "2022.12.??"]

1. e4 e5 2. Nf3 Nc6 3. Bb5 Nf6 4. d3 Bc5 5. Bg5 d6 6. h3 O-O 7. O-O Nd4 8. Nxd4
exd4 9. Nd2 a5 10. a3 c6 11. Bc4 b5 12. Ba2 Be6 13. Bxe6 fxe6 14. Nf3 Qe8 15.
Qe2 Qg6 16. Bd2 Ra7 17. b4 axb4 18. axb4 Bb6 19. Rxa7 Bxa7 20. Ra1 Qf7 21. Ng5
Qe7 22. Nxe6 Re8 23. Nf4 Bb8 24. Nh5 Nd5 25. Qg4 Nf6 26. Nxf6+ Qxf6 27. Ra6 d5
28. exd5 Qe5 29. g3 Qxd5 30. Ra1 c5 31. Re1 Rxe1+ 32. Bxe1 Qe5 33. Bd2 Bd6 34.
Qc8+ Bf8 35. bxc5 Qe2 36. Bb4 Qxc2 37. Qe6+ Kh8 38. Qe8 Qd1+ 39. Kg2 Kg8 40. c6
h6 41. Qxf8+ Kh7 42. c7 1-0

[Event "Brno Olexa mem."]
[Site "?"]
[Date "2022.12.28"]
[Round "4"]
[White "Slegl, Milan"]
[Black "Neduchal, Jiri"]
[Result "0-1"]
[WhiteElo "1684"]
[BlackElo "1753"]
[PlyCount "96"]
[EventDate "2022.12.??"]

1. d4 Nf6 2. Nf3 g6 3. c4 Bg7 4. Nc3 d5 5. e3 O-O 6. cxd5 Nxd5 7. Bd3 c5 8. O-O
Nc6 9. Nxd5 Qxd5 10. Qb3 Qxb3 11. axb3 cxd4 12. exd4 Nxd4 13. Nxd4 Bxd4 14. Ra4
Bf6 15. Be4 Bd7 16. Ra5 Bc6 17. Bxc6 bxc6 18. Bh6 Bg7 19. Bg5 f6 20. Be3 Rfb8
21. g3 Rxb3 22. Rc1 Rxb2 23. Rxc6 Rb7 24. Re6 Kf7 25. Raa6 Rd7 26. Bc5 f5 27.
Kg2 Rc8 28. Be3 Bc3 29. h4 Bb4 30. Bf4 Bc5 31. Re2 Bb6 32. Kh3 Rc5 33. Ra1 Rcd5
34. Rc1 Bc5 35. Rb1 Bd6 36. h5 Bxf4 37. hxg6+ hxg6 38. gxf4 Rd3+ 39. Kg2 a5 40.
Ra1 Ra7 41. Ra4 Kf6 42. f3 Rd5 43. Kg3 Rb5 44. Rea2 g5 45. fxg5+ Kxg5 46. f4+
Kf6 47. Rh2 Rb3+ 48. Kh4 e6 0-1

[Event "Brno Olexa mem."]
[Site "?"]
[Date "2022.12.28"]
[Round "4"]
[White "Hayrumyan, Artur"]
[Black "Divis, Jan"]
[Result "1-0"]
[WhiteElo "1538"]
[BlackElo "1585"]
[PlyCount "73"]
[EventDate "2022.12.??"]

1. d4 d5 2. Bf4 Nf6 3. Nd2 c6 4. e3 e6 5. Bd3 Bd6 6. Be5 Bxe5 7. dxe5 Nfd7 8.
f4 Nc5 9. Be2 Nbd7 10. Ngf3 h6 11. c3 Ne4 12. b4 g5 13. Qc2 g4 14. Nxe4 dxe4
15. Nd4 a5 16. Qxe4 axb4 17. cxb4 h5 18. g3 Nb6 19. O-O Nd5 20. Rfc1 Ra3 21.
Nc2 Nc3 22. Qc4 Nxe2+ 23. Qxe2 Ra8 24. Nd4 Qe7 25. a3 Bd7 26. e4 f5 27. exf6
Qxf6 28. e5 Qe7 29. f5 exf5 30. e6 Bc8 31. Nxf5 Qf8 32. Qe5 Rh7 33. Rd1 Bxe6
34. Qxe6+ Re7 35. Nxe7 Qxe7 36. Qxe7+ Kxe7 37. Rd3 1-0

[Event "Brno Olexa mem."]
[Site "?"]
[Date "2022.12.29"]
[Round "5"]
[White "Veznik, Michael"]
[Black "Ibrahim, Emad Eldin"]
[Result "0-1"]
[WhiteElo "1790"]
[BlackElo "2003"]
[PlyCount "80"]
[EventDate "2022.12.??"]

1. d4 Nf6 2. e3 g6 3. b3 c5 4. Bb2 Bg7 5. d5 d6 6. c4 O-O 7. Bd3 b5 8. Ne2 bxc4
9. bxc4 Na6 10. Nbc3 Bd7 11. O-O Ng4 12. Ng3 Ne5 13. Be2 Rb8 14. Qc2 Qa5 15. a3
Nc7 16. Rab1 f5 17. h3 e6 18. Rfd1 Nf7 19. dxe6 Bxe6 20. Nd5 Nxd5 21. cxd5 Bd7
22. Bxg7 Kxg7 23. Qa2 Ba4 24. Rdc1 Ne5 25. f4 Nd7 26. e4 Rxb1 27. Rxb1 Qc3 28.
Qb2 Qxb2 29. Rxb2 fxe4 30. Nxe4 Rxf4 31. Nxd6 Nb6 32. Nb5 Nxd5 33. Nxa7 c4 34.
Rb7+ Kf6 35. g3 c3 36. Rb1 c2 37. Rc1 Rd4 38. Kf2 Nc3 39. Ke3 Nxe2 40. Nc6 Rd1
0-1

[Event "Brno Olexa mem."]
[Site "?"]
[Date "2022.12.29"]
[Round "5"]
[White "Neduchal, Jiri"]
[Black "Doskar, Miloslav"]
[Result "1/2-1/2"]
[WhiteElo "1753"]
[BlackElo "1593"]
[PlyCount "95"]
[EventDate "2022.12.??"]

1. d4 Nf6 2. Nf3 g6 3. Bf4 d6 4. Nbd2 Bg7 5. e4 O-O 6. Bd3 Nbd7 7. c3 c6 8. h3
Nb6 9. O-O Ne8 10. Qe2 f5 11. exf5 gxf5 12. Bg5 Nf6 13. Nh4 e6 14. Ndf3 Qe8 15.
Rae1 Qh5 16. Bf4 Ne8 17. g3 Nd5 18. Bd2 Bh6 19. Kh2 Bxd2 20. Qxd2 Ng7 21. Qg5
Bd7 22. Qxh5 Nxh5 23. Nd2 b5 24. Ng2 Ng7 25. Ne3 Nxe3 26. Rxe3 Rae8 27. f4 Rf6
28. Nf3 h6 29. Bc2 Rf7 30. Ne1 Rfe7 31. Nd3 a5 32. Bd1 Kh7 33. Bf3 Rf7 34. Re2
Rg8 35. Rg2 Ne8 36. Bh5 Rfg7 37. Bxe8 Bxe8 38. Ne1 Bh5 39. Nf3 Bxf3 40. Rxf3
Kg6 41. a3 Kf6 42. Rg1 Re7 43. Re3 Rgg7 44. Ra1 Rb7 45. Kg2 Rbd7 46. Rae1 Rde7
47. Kf3 h5 48. Kf2 1/2-1/2

[Event "Brno Olexa mem."]
[Site "?"]
[Date "2022.12.29"]
[Round "5"]
[White "Licka, Vlastimil"]
[Black "Wuensch, Radek"]
[Result "0-1"]
[WhiteElo "1853"]
[BlackElo "1978"]
[PlyCount "81"]
[EventDate "2022.12.??"]

1. Nf3 d5 2. d4 Nf6 3. c4 c6 4. cxd5 cxd5 5. Nc3 Nc6 6. Bg5 Ne4 7. Bh4 Qa5 8.
Qb3 e6 9. e3 Bd7 10. Bd3 f5 11. O-O Bd6 12. Bxe4 fxe4 13. Ne1 Ne7 14. Bg3 Bxg3
15. hxg3 Qc7 16. Qd1 O-O 17. g4 Rf6 18. Qe2 Rh6 19. g3 Rf8 20. Ng2 e5 21. dxe5
Qxe5 22. Nf4 Qg5 23. f3 exf3 24. Qxf3 Bxg4 25. Ne6 Rxf3 26. Nxg5 Rxe3 27. Rf4
Bd7 28. Kf2 Re5 29. Nf7 Rh2+ 30. Kf3 Rf5 31. Nd6 Rxf4+ 32. Kxf4 Rxb2 33. Re1
Ng6+ 34. Kg5 d4 35. Nce4 Rxa2 36. Nc5 Bc6 37. Ndxb7 d3 38. Rd1 d2 39. Kg4 Ne5+
40. Kf5 Nc4 41. Kf4 0-1

[Event "Brno Olexa mem."]
[Site "?"]
[Date "2022.12.29"]
[Round "5"]
[White "Nisztuk, Michal"]
[Black "Hayrumyan, Artur"]
[Result "1-0"]
[WhiteElo "1435"]
[BlackElo "1538"]
[PlyCount "73"]
[EventDate "2022.12.??"]

1. e4 e5 2. Bc4 Nf6 3. d4 b5 4. Bb3 Bb7 5. dxe5 Nxe4 6. Bd5 Nc5 7. Nc3 Bxd5 8.
Qxd5 c6 9. Qf3 Nba6 10. a3 Ne6 11. Nge2 Bc5 12. Ne4 Be7 13. b4 O-O 14. O-O Nac7
15. Rd1 f6 16. exf6 Bxf6 17. Nxf6+ Rxf6 18. Qg3 Rg6 19. Qh3 Qf6 20. Rb1 Rf8 21.
Be3 Nd5 22. Rxd5 cxd5 23. Bxa7 Ng5 24. Qxd7 Nf3+ 25. Kh1 Qg5 26. Ng3 h5 27. Be3
Qe5 28. gxf3 h4 29. f4 Qf6 30. Qxd5+ Kh7 31. Ne4 Qe7 32. Ng5+ Kh8 33. Bc5 Qf6
34. Bxf8 Qxf8 35. Nf7+ Kh7 36. Qh5+ Kg8 37. Qxg6 1-0

[Event "Brno Olexa mem."]
[Site "?"]
[Date "2022.12.29"]
[Round "5"]
[White "Martikanova, Amalie"]
[Black "Slegl, Milan"]
[Result "0-1"]
[WhiteElo "1177"]
[BlackElo "1684"]
[PlyCount "98"]
[EventDate "2022.12.??"]

1. e4 c6 2. d4 d5 3. exd5 cxd5 4. Nc3 Nf6 5. Bb5+ Bd7 6. Bxd7+ Nbxd7 7. Bf4 e6
8. Nf3 Bb4 9. O-O O-O 10. Bg5 Qa5 11. Ne2 Bd6 12. Ne5 Qc7 13. f4 Ne4 14. Rf3 f6
15. Nxd7 Qxd7 16. Bh4 Rae8 17. Rh3 g5 18. fxg5 fxg5 19. Bg3 Rf5 20. Bxd6 Qxd6
21. Ng3 Nxg3 22. hxg3 Qf8 23. Qh5 Qg7 24. Rf1 Rxf1+ 25. Kxf1 Rf8+ 26. Kg1 Qxd4+
27. Kh2 Qg7 28. Qg4 Rf6 29. Rh5 h6 30. Kh3 Qg6 31. Kh2 Qe4 32. Qh3 Kg7 33. c3
Qf5 34. g4 Qe5+ 35. Kg1 Qf4 36. Kh1 Qe4 37. Qg3 Rf1+ 38. Kh2 Qf4 39. Qxf4 Rxf4
40. Kg3 Rf1 41. b3 e5 42. Rh3 e4 43. Kh2 Re1 44. c4 d4 45. c5 d3 46. b4 d2 47.
b5 d1=Q 48. c6 Rh1+ 49. Kg3 Qe1# 0-1

[Event "Brno Olexa mem."]
[Site "?"]
[Date "2022.12.29"]
[Round "6"]
[White "Ibrahim, Emad Eldin"]
[Black "Doskar, Miloslav"]
[Result "1-0"]
[WhiteElo "2003"]
[BlackElo "1593"]
[PlyCount "37"]
[EventDate "2022.12.??"]

1. e4 e5 2. Nf3 Nc6 3. d4 exd4 4. Nxd4 Bc5 5. Be3 Qf6 6. c3 Nge7 7. Bc4 a6 8.
O-O O-O 9. f4 Ng6 10. Kh1 Bxd4 11. cxd4 d6 12. Qd2 h6 13. Nc3 Qd8 14. f5 Nh8
15. Bxh6 Na5 16. Bxg7 Kxg7 17. f6+ Kh7 18. Qg5 Ng6 19. Qh5+ 1-0

[Event "Brno Olexa mem."]
[Site "?"]
[Date "2022.12.29"]
[Round "6"]
[White "Wuensch, Radek"]
[Black "Neduchal, Jiri"]
[Result "1/2-1/2"]
[WhiteElo "1978"]
[BlackElo "1753"]
[PlyCount "34"]
[EventDate "2022.12.??"]

1. e4 b6 2. d4 e6 3. c4 Bb7 4. Nc3 c5 5. d5 g6 6. f4 Bg7 7. Nf3 d6 8. Bd3 Ne7
9. O-O O-O 10. Qc2 Na6 11. a3 Nc7 12. b3 f5 13. exf5 Nxf5 14. Be4 exd5 15. cxd5
Nd4 16. Qd1 Qf6 17. Bd2 Rae8 {(R)} 1/2-1/2

[Event "Brno Olexa mem."]
[Site "?"]
[Date "2022.12.29"]
[Round "6"]
[White "Slegl, Milan"]
[Black "Veznik, Michael"]
[Result "0-1"]
[WhiteElo "1684"]
[BlackElo "1790"]
[PlyCount "76"]
[EventDate "2022.12.??"]

1. d4 d5 2. c4 e6 3. Nc3 f5 4. Nf3 c6 5. Bf4 Nf6 6. e3 Be7 7. h3 O-O 8. Ne5
Nbd7 9. Bd3 Ne4 10. Qc2 Ndf6 11. c5 Bd7 12. f3 Nxc3 13. Qxc3 Nh5 14. O-O-O b6
15. Ba6 bxc5 16. dxc5 Bf6 17. Qa3 Rb8 18. g3 g5 19. Rhg1 gxf4 20. gxf4+ Ng7 21.
b4 Kh8 22. Rg2 Qc7 23. Qc3 Bc8 24. Bxc8 Qxc8 25. Rdg1 Qb7 26. a3 a5 27. Rb2
axb4 28. Rxb4 Qc7 29. Kc2 Rxb4 30. axb4 Bxe5 31. fxe5 Ra8 32. f4 Ra2+ 33. Kd3
Qa7 34. Rb1 Ne8 35. b5 cxb5 36. Rxb5 Qa6 37. Qb4 Nc7 38. c6 Qxb5+ 0-1